One Piece- Les personnages qui ont éveillé leur Fruit du démon - Statistiques

Statistiques générales
  • Ce quiz a été pris 267 fois
  • Le résultat moyen est 8 sur 17
Statistiques - réponses
Utilisateurs de Fruits du Démon avec un Eveil % Correct
Monkey D.Luffy
100%
Donchiquotte Doflamingo
80%
Rob Lucci
74%
Charlotte Katakuri
69%
Trafalgar D.Waterlaw
69%
Eustass Kid
67%
Kaku
62%
Jaygarcia Saturn
38%
Marcus Mars
36%
Shepherd Ju Peter
31%
Ethanbaron V.Nusjuro
30%
Minotaure
27%
Topman Warcury
27%
Minokoala
26%
Minozèbre
26%
Minorhinocéros
25%
Minochihuahua
22%
Aucun quiz correspondant
Distribution des résultats
% des personnes avec chaque résultat
Percentile par nombre de réponses
Votre historique - résultats
Vous n’avez pas pris ce quiz